| 000 | 00936nam a2200289Ia 4500 | ||
|---|---|---|---|
| 001 | Z_5444 | ||
| 003 | CHAP | ||
| 008 | 220113s2006 xx 000 0 und d | ||
| 010 | _a168521 | ||
| 040 | _cCHAP | ||
| 090 | _aTesis F 1960 | ||
| 100 |
_aFernández Sánchez, Ibrail O _940305 |
||
| 245 |
_aOptimización del comportamiento productivo como respuesta a niveles dietéticos de lisina digestible en cerdos en crecimiento / _cIbrail O Fernández Sánchez y Noé Moreno Ramírez |
||
| 260 |
_aChapingo, Méx. : _bEl autor, _c2006 |
||
| 300 | _a40 h. | ||
| 502 | _aTesis (Ing. Agrónomo Esp. en Zootecnia) -- UACH. Departamento de Zootecnia | ||
| 650 |
_aGanado porcino _xCrecimiento _945349 |
||
| 650 |
_aGanado porcino _xNutrición _945390 |
||
| 650 |
_aLisina _967083 |
||
| 700 |
_aMoreno Ramírez, Noé _978686 |
||
| 901 | _aTESIS F 1960 | ||
| 902 | _aM | ||
| 910 | _a2006 | ||
| 942 | _c2 | ||
| 942 | _c2 | ||
| 999 |
_c168521 _d168521 |
||